1211 1952 1133 1119 1738 1426 1566 1185 1337 1727 1911 1669 1042 1078 1776 1779 1402 1793 1724 1871 1427 1082 1030 1530 1801 1310 1315 1401 1693 1751 1194 1455 1260 1131 1158 1446 1299 1580 1795 1697 1367 1307 1986 1039 1187 1146 1319 1978 1850 1564 1110 1595 1537 1739 1285 1928 1442 1334 1944 1105 1163 1512 1855 1063 1598 1712 1637 1118 1482 1506 1293 1418 1669 1162 1126 1743 1520 1773 1744 1077 1462 1049 1097 1272 1024 1345 1212 1051 1517 1493 1482 1932 1491 1376 1540 1575 1244 1100 1792 BCNSPRNW ULIB Ver.6.0+V

เปลี่ยนเป็นภาษาไทย

Change to English
 แสดงรายละเอียดบรรณานุกรม
  กลับหน้าหลัก

Brief Record : Get Marc (ISO 2709) : E-mail record : QR code < ปิดหน้าต่าง
LEADER : 00000nam 2200000uu 4500
001    13399122840
003     ULIB
008    131015s2545||||th 000 0 tha d
020    ^a9789744460653
090    ^aนว^bพ187พ ล.1
100 0  ^aพนมเทียน
245 10 ^aป่าโลกล้านปี เล่ม 1 (เพชรพระอุมา) /^cพนมเทียน
250    ^aพิมพ์รวมเล่มครั้งที่ 3
260    ^aกรุงเทพฯ :^bณ บ้านวรรณกรรม,^c2545
300    ^a 438 หน้า
505 00 ^a^gล.1-4^tไพรมหากาฬ --^gล.5-8^tดงมรณะ -- ^gล.9-12^tจอมผีดิบมันตรัย -- ^gล.13-16^tอาถรรพณ์นิทรานคร -- ^gล.17-20^tป่าโลกล้านปี -- ^gล.21-24^tแงซายจอมจักรา -- ^gล.25-28^tจอมพราน -- ^gล.29-32^tไอ้งาดำ -- ^gล.33-36^tจิตรางคนางค์-- ^gล.37-40^tนาคเทวี -- ^gล.41-44^tแด่ปางบรรพ์ -- ^gล.45-48^tมงกุฎไพร
650  4 ^aนวนิยายไทย
945    ^p200^l0^i034068
999    ^aเกษร โพธิ์สุวรรณ
รายการนี้ยังไม่มีแท็ก
คุณยังไม่ได้ล็อกอิน คุณสามารถมีกิจกรรมร่วมกับเว็บไซต์ได้ แต่ต้องล็อกอินก่อน ::
  ล็อกอิน

รายการสื่อสารสนเทศ

ลำดับที่ ประเภท เลขเรียก/บาร์โค้ด สถานที่ สถานะ
1. นวนิยาย
นวนิยาย
นว พ187พ ล.1  
  Barcode: 034068
ห้องสมุดวิทยาเขตสวรรค์ประชารักษ์
►นวนิยาย
บนชั้น
  ขอยืม

รายการใกล้เคียง
    ผู้แต่ง [พนมเทียน]

    หัวเรื่อง [นวนิยายไทย]

BibComment


ยังไม่เคยถูกคอมเมนท์

คอมเมนท์ทรัพยากรรายการนี้
  คอมเมนท์: ป่าโลกล้านปี เล่..


 Copyright 2026. Bcnsprnw @Library